Focus sur: Jimmy Peakes - Harry Potter - Statistiques

Statistiques générales
  • Ce quiz a été pris 40 fois
  • Le résultat moyen est 5 sur 5
Statistiques - réponses
Informations recherchées Réponses % Correct
Lieu de rencontre avec Harry Potter Poudlard
97%
Ecole fréquentée Poudlard
97%
Maison frėquentée Gryffondor
95%
Poste occupé au Quidditch Batteur
92%
Première apparition Harry Potter et le Prince de Sang-Mêlé
82%
Aucun quiz correspondant
Distribution des résultats
% des personnes avec chaque résultat
Percentile par nombre de réponses
Votre historique - résultats
Vous n’avez pas pris ce quiz